00770nam a2200157Ia 4500008004100000100004400041245011800085245016700203260005300370260000900423300001200432650001500444856006100459999001900520952007300539170221s9999 xx 000 0 und d aEkaterina Tsyrenzhabovna Chimitdorgieva aAssessment of the Nature of Reproduction Processes in Rural Municipalities (districts) of the Region of Buryatia  cEkaterina Tsyrenzhabovna Chimitdorgieva, Elena Nikolaevna Vanchikova, Dashi Dashanimaevich Tsyrenov, Irina Sergeevna Munkueva, Evgeniy Anatolévich Malishevdashi bInternational Review of Management and Marketing c2016 a15 : 13 xMarketing. uhttp://www.econjournals.com/index.php/irmm/issue/view/75 c311927d311927 001040aCLbCLd2017-02-21l0r2017-02-21 00:00:00w2017-02-21yFOJ